Diari d'ombres, paisatges i figures / (Record no. 183713)

MARC details
000 -LEADER
campo de control de longitud fija 00768nam a2200241 i 4500
001 - NÚMERO DE CONTROL
campo de control 183713
003 - IDENTIFICADOR DE NÚMERO DE CONTROL
campo de control ES-MaACL
005 - FECHA Y HORA DE LA ÚLTIMA TRANSACCIÓN
campo de control 20250915063105.0
008 - DATOS DE LONGITUD FIJA--INFORMACIÓN GENERAL
campo de control de longitud fija 141002s2002 ep | |||| ||cat d
020 ## - NÚMERO INTERNACIONAL ESTÁNDAR DEL LIBRO
Número Internacional Estándar del Libro 84-95360-56-X
080 ## - NÚMERO DE LA CLASIFICACIÓN DECIMAL UNIVERSAL
Número de la Clasificación Decimal Universal 821.134.1-94"19"
080 ## - NÚMERO DE LA CLASIFICACIÓN DECIMAL UNIVERSAL
Número de la Clasificación Decimal Universal 929 Serra, Antoni
100 1# - ENTRADA PRINCIPAL--NOMBRE DE PERSONA
Nombre de persona Serra, Antoni,
Fechas asociadas al nombre 1936-
9 (RLIN) 105600
245 13 - MENCIÓN DEL TÍTULO
Título Diari d'ombres, paisatges i figures /
Mención de responsabilidad, etc. Antoni Serra.
250 ## - MENCION DE EDICION
Mención de edición 1ª ed.
260 ## - PUBLICACIÓN, DISTRIBUCIÓN, ETC.
Lugar de publicación, distribución, etc. Palma [de Mallorca] :
Nombre del editor, distribuidor, etc. Lleonard Muntaner,
Fecha de publicación, distribución, etc. 2002.
300 ## - DESCRIPCIÓN FÍSICA
Extensión 1 v. ;
Dimensiones 22 cm.
490 1# - MENCIÓN DE SERIE
Mención de serie Llibres de la nostra terra ;
Designación de volumen o secuencia 53
505 8# - NOTA DE CONTENIDO CON FORMATO
Nota de contenido con formato v. 1. La mort del vell dictador (1970-1976) (227 p.)
830 0# - PUNTO DE ACCESO ADICIONAL DE SERIE-TÍTULO UNIFORME
Título uniforme Llibres de la nostra terra ;
Designación de volumen o secuencia 53
9 (RLIN) 225015
852 ## - LOCALIZACIÓN
Ubicación ES-MaACL
Número de control de estantería P-1807
Holdings
Estatus retirado Estado de pérdida Estado de daño No para préstamo Biblioteca de origen Biblioteca actual Ubicación en estantería Fecha de adquisición Fuente de adquisición Total de préstamos Signatura topográfica completa Código de barras Visto por última vez Precio de reemplazo Tipo de ítem Koha
        Biblioteca del Ateneo de Madrid Biblioteca del Ateneo de Madrid Depósito 2 02/10/2014     P-1807 1193144 23/02/2023 23/02/2023 Libro impreso